01487cam a22003494i 4500003000900000005001700009008004100026035001800067040003300085082001900118100003600137245008800173264003300261300005600294336002100350337002500371338002300396505057000419526000900989526000900998526000901007526000901016526000901025526000901034526000801043526000801051526000801059526000801067526000801075526000801083650004601091PE-LiUPU20250731184603.0150616s r 000 0 d a(Sirsi) a5390 aPE-LiUPUbspacPE-LiUPUerda04a985bV297h2211 aVargas Ugarte, Rubén,eautor.10aHistoria general del Perú :bLa república (1879-1884) /cRubén Vargas Ugarte. 1aLima :bMilla Batres,c1984. a422 páginas :bilustraciones ;c25 centímetros. atext2rdacontent aunmediated2rdamedia avolume2rdacarrier0 aLa actividad del Huáscar -- Grau y el combate de Angamos -- Chile invade el Perú -- Batalla de Tarapacá -- El segundo ejército del sur -- Campero toma el mando del ejército peruano -- La batalla de Tacna y toma de Arica -- Conferencias de Arica -- La defensa de Lima -- Batalla de Miraflores -- La ocupación de Lima -- El gobierno de la Magdalena -- La lucha en el norte y centro del País -- La campaña de Breña -- Conferencias en favor de la paz -- La ofensiva contra Cáceres -- El tratado de Ancón -- Pacto de paz entre Iglesias y Cáceres. aP136 aP135 aP134 aP133 aP144 aP143 aP87 aP35 aP20 aP14 aP10 aP0604aPerúxHistoriayRepública, 1879-1884.